Countries by Vehicles per capita Quiz Stats

Quiz not verified by Sporcle

Challenge
Share
Tweet
Embed
Score 0/20 Timer 05:00
0 Plays Today
Cars per 1000 People Country % Correct
842US
99.6%
558Germany
96%
563Canada
94.7%
494France
94.1%
571Italy
92.4%
479Spain
91.1%
543Japan
90.9%
475Sweden
90.1%
619Australia
88.4%
494Norway
87.6%
Cars per 1000 People Country % Correct
543Finland
86.3%
539Switzerland
81.9%
560New Zealand
81.6%
558Austria
79.5%
486Belgium
77.2%
542Ireland
76.8%
697Luxembourg
70.9%
658Iceland
64.8%
488Slovenia
38%
539Malta
34.2%

You're not logged in!

Compare scores with friends on all Sporcle quizzes.
Sign Up with Email
OR
Log In

You Might Also Like...

Show Comments

Extras

Top Quizzes Today


Score Distribution

Your Account Isn't Verified!

In order to create a playlist on Sporcle, you need to verify the email address you used during registration. Go to your Sporcle Settings to finish the process.

Report this User

Report this user for behavior that violates our Community Guidelines.

Details: